000 00289nam a22001097a 4500
008 170126b xxu||||| |||| 00| 0 eng d
020 _a9780397584611
041 _aeng
080 _23RD
_a61
245 _aHUMAN BEHAVIOUR/ AN INTRODUCTION FOR MEDICAL STUDENTS
_cSTOUDEMIRE, A
942 _2udc
_cBK
999 _c3733
_d3733